000
00339pam a2200145a 44500
008
230405s xxu||||| |||| 00| 0 eng d
041
_a
ENG
100
_a
FYDOROS
245
_a
HOUSING CONSTRUCTION IN THE SOVIET UNION
260
_a
NONE
_b
PROGRESS PUB MASCOW
_c
300
_a
P.B, 66
650
_a
CIVIL
690
_a
CIVIL
906
_a
368
999
_c
814563
_d
814563